000 00358nam a2200157Ia 4500
008 230524s9999 xx 000 0 und d
082 _a1.42
_bLEO
100 _aAlexis Leon
245 0 _aERP Demystified
250 _a2ND
260 _aNEW DELHI
_bTMH
_c2008
300 _aXVII;585
500 _aQuantity Number: 2
650 _aManagement
942 _cBK
999 _c49199
_d49199